Normal view
MARC view
- Graves, Lucia.
Entry Personal Name
001 - CONTROL NUMBER
- control field: 46528
003 - CONTROL NUMBER IDENTIFIER
- control field: OSt
005 - DATE AND TIME OF LATEST TRANSACTION
- control field: 20221026141225.0
008 - FIXED-LENGTH DATA ELEMENTS
- fixed length control field: 221026|| aca||aabn | a|a d
040 ## - CATALOGING SOURCE
- Original cataloging agency: OSt
- Transcribing agency: OSt
100 ## - HEADING--PERSONAL NAME
- Personal name: Graves, Lucia.
- Relator term: translator.
670 ## - SOURCE DATA FOUND
- Source citation: Work cat.: (OSt): Ruiz Zafón, Carlos. 46527, The Midnight Palace / , ©2011.
